The Central American Crisis. Part I /

में बचाया:
ग्रंथसूची विवरण
मुख्य लेखक: North, Liisa
निगमित लेखकों: Central American Policy Alternatives, CAPA
अन्य लेखक: Baranyi, Steven Leonard, Julie
स्वरूप: मूलपाठ
प्रकाशित: Ottawa: CAPA
टैग: टैग जोड़ें
कोई टैग नहीं, इस रिकॉर्ड को टैग करने वाले पहले व्यक्ति बनें!

MARC

LEADER 00000 a a2200000 04500
001 22400
003
040
090 |a 152701  
100 |a North, Liisa  
110 |a Central American Policy Alternatives  
245 |a The Central American Crisis. Part I /  |c Central American Policy Alternatives  
260 |a Ottawa:   |b CAPA  
300 |a 108 p  
700 |a Baranyi, Steven   |a Leonard, Julie  
710 |a CAPA  
999 |c 11354  |d 11354